00360pab a2200133 454500008004000000100001900040245006500059260000900124300001300133362001100146650001700157650001800174773003400192180718b2008 xxu||||| |||| 00| 0 eng d aD'Souza, Errol aGlobalisation's underbelly: capital flows and Indian economy c2008 ap.34-38. a30 Aug aCapital flow aGlobalization aEconomic and Political Weekly